Guess The Female Pop Stars By The Emojis #2 - Statistics

General Stats
  • This quiz has been taken 73 times
  • The average score is 3 of 6
Answer Stats
Hint Answer % Correct
πŸ‘‘πŸπŸ€ πŸ‹ BeyoncΓ©
92%
πŸͺ©πŸ‘ πŸͺ„πŸ₯© Lady Gaga
76%
πŸ³οΈβ€πŸŒˆπŸ‘©β€πŸ¦°πŸ’•πŸ’… Chappell Roan
56%
πŸ’”πŸ˜”πŸ·πŸ’Œ Adele
28%
πŸ€Έβ€β™‚οΈπŸ’ƒπŸ‡¨πŸ‡¦πŸ§‘ Tate McRae
28%
πŸ˜œπŸ’πŸ’–πŸ€˜ Miley Cyrus
22%
No matching quizzes found
Score Distribution
Percent of People with Each Score
Percentile by Number Answered
Your Score History
You have not taken this quiz